000 00391nam a2200109Ia 4500
008 220216s9999 xx 000 0 und d
100 _aHardy D
_cet al
245 0 _aAdvanced SSBR technology for improved tire performance
260 _bIndia Rubber Expo & Tyre Show 2013. Conference & Workshop Abstracts, 22-24 January 2013, Mumbai, India. pp.17-20.
650 _aSSBR technology
942 _cJS
999 _c53863
_d53863